Under exploited fruit crops, Vol. 1 / (Record no. 53630)
[ view plain ]
| 000 -LEADER | |
|---|---|
| fixed length control field | 00660nam a2200241Ia 4500 |
| 005 - DATE AND TIME OF LATEST TRANSACTION | |
| control field | 20260429112340.0 |
| 008 - FIXED-LENGTH DATA ELEMENTS--GENERAL INFORMATION | |
| fixed length control field | 260429s9999||||xx |||||||||||||| ||und|| |
| 020 ## - INTERNATIONAL STANDARD BOOK NUMBER | |
| International Standard Book Number | 9789348596024 |
| 041 ## - LANGUAGE CODE | |
| Language | English |
| 082 ## - DEWEY DECIMAL CLASSIFICATION NUMBER | |
| Classification number | 634.095 |
| Item number | GOP |
| 100 ## - MAIN ENTRY--PERSONAL NAME | |
| Personal name | Gopal, K. |
| 245 #0 - TITLE STATEMENT | |
| Title | Under exploited fruit crops, Vol. 1 / |
| Statement of responsibility, etc | K. Gopal |
| 260 ## - PUBLICATION, DISTRIBUTION, ETC. (IMPRINT) | |
| Place of publication, distribution, etc | New Delhi : |
| Name of publisher, distributor, etc | Today & Tomorrow's Printers and Publishers, |
| Date of publication, distribution, etc | 2025. |
| 300 ## - PHYSICAL DESCRIPTION | |
| Extent | 175 p.; hb |
| 440 ## - SERIES STATEMENT/ADDED ENTRY--TITLE | |
| Volume number/sequential designation | Vol. 1 |
| 650 ## - SUBJECT ADDED ENTRY--TOPICAL TERM | |
| Topical term or geographic name as entry element | Horticulture |
| 650 ## - SUBJECT ADDED ENTRY--TOPICAL TERM | |
| Topical term or geographic name as entry element | Underutilized crops |
| 650 ## - SUBJECT ADDED ENTRY--TOPICAL TERM | |
| Topical term or geographic name as entry element | Fruit crops |
| 700 ## - ADDED ENTRY--PERSONAL NAME | |
| Personal name | Hussain, S. Firoz |
| 700 ## - ADDED ENTRY--PERSONAL NAME | |
| Personal name | Kumar, K. Ajay |
| 700 ## - ADDED ENTRY--PERSONAL NAME | |
| Personal name | Pratyusha Bhagavati |
| 942 ## - ADDED ENTRY ELEMENTS (KOHA) | |
| Koha item type | Text Books |
| Withdrawn status | Lost status | Damaged status | Not for loan | Collection code | Home library | Location | Shelving location | Date of Cataloging | Source of acquisition | Total Checkouts | Full call number | Barcode | Date last seen | Price effective from | Koha item type |
|---|---|---|---|---|---|---|---|---|---|---|---|---|---|---|---|
| Non-fiction | CUTN Central Library | CUTN Central Library | Medicine, Technology & Management | 29/04/2026 | Today and Tomorrow’s Printers & Publishers, New Delhi - Invoice No. IN-00470 on 10-02-2026 | 634.095 GOP | 58621 | 29/04/2026 | 29/04/2026 | Text Books |
